| 000 | 00691nam a22002051 4500 | ||
|---|---|---|---|
| 001 | 103840 | ||
| 003 | ES-SlBCS | ||
| 005 | 20230509164513.0 | ||
| 008 | 230509s1975 sp spa | ||
| 017 |
_aB 3912-1975 _bOficina Depósito Legal Barcelona |
||
| 020 | _a8421741047 | ||
| 040 |
_aSpMaBN _bspa _cA2 _dES-SlBCS |
||
| 100 | 1 |
_aKemp, Peter _9163136 |
|
| 245 | 1 | 0 |
_aLegionario en España _cPeter Kemp ; [traducción, Carlos Paytuvi] |
| 260 |
_aBarcelona : _bLuis de Caralt, _c[1975] |
||
| 300 |
_a246 p. ; _c18 cm |
||
| 490 | 0 |
_aBiblioteca Universal Caralt. Serie Testimonio _v4 |
|
| 651 | 0 |
_aEspaña _xHistoria _y1936-1939 (Guerra civil) _vRelatos personales _9100183 |
|
| 942 |
_2lcc _cBK |
||
| 999 |
_c889606 _d889606 |
||